| 000 | 00478nam a2200181Ia 4500 | ||
|---|---|---|---|
| 003 | GCL | ||
| 008 | 140319s9999 xx 000 0 eng d | ||
| 040 |
_aGCL / _cGCL |
||
| 082 | 0 | 4 |
_a657.046 _bH A |
| 100 | 1 | _aHARIED, ANDREW A. | |
| 245 | 1 | 0 |
_aADVANCED ACCOUNTING / _cHARIED, ANDREW A. |
| 700 | 1 | _aINDIEKE, HEROY F. | |
| 700 | 1 | _aSNIRH, RALPH EUGENE | |
| 260 |
_a[S.N] : _bJOHN WILEY AND SONS. INC ، _c1991 |
||
| 300 | _a1005 P | ||
| 650 | 0 | 4 | _aACCOUNTING |
| 942 |
_2ddc _cBK |
||
| 999 |
_c20852 _d20852 |
||